000 00984nam a22001337a 4500
999 _c528352
_d528352
008 241203b ||||| |||| 00| 0 eng d
100 _aBlinken, Antony J.
_949196
245 _a America’s strategy of renewal: Rebuilding leadership for a new world
260 _aForeign Affairs
300 _a103(6), Nov-Dec, 2024: p.62-76
520 _a Afierce competition is underway to define a new age in international affairs. A small number of countries—principally Russia, with the partnership of Iran and North Korea, as well as China—are determined to alter the foundational principles of the international system. While their forms of governance, ideologies, interests, and capabilities differ, these revisionist powers all want to entrench autocratic rule at home and assert spheres of influence abroad. – Reproduced https://www.foreignaffairs.com/united-states/antony-blinken-americas-strategy-renewal-leadership-new-world
773 _aForeign Affairs
942 _cAR